Przyłącz losową europejską flagę do państwa - Statystyki

Ogólne statystyki
  • Ten quiz został rozwiązany 119 091 razy
  • Średni wynik to 9 z 10
Statystyki odpowiedzi
Obrazkowy Odpowiedź % Poprawnych
Niemcy
97%
Polska
97%
Czechy
96%
Francja
96%
Grecja
96%
Hiszpania
96%
Rosja
96%
Ukraina
96%
Wielka Brytania
96%
Włochy
96%
Belgia
95%
Norwegia
95%
Portugalia
95%
Szwajcaria
95%
Szwecja
95%
Albania
94%
Chorwacja
94%
Estonia
94%
Finlandia
94%
Białoruś
93%
Irlandia
93%
Slowacja
93%
Watykan
93%
Austria
92%
Holandia
92%
Dania
91%
Macedonia Północna
91%
Rumunia
91%
Slowenia
91%
Malta
90%
Węgry
90%
Monako
89%
Bośnia i Hercegowina
88%
Islandia
88%
Litwa
88%
San Marino
88%
Lotwa
87%
Serbia
87%
Kosowo
86%
Bułgaria
85%
Luksemburg
85%
Czarnogóra
81%
Moldawia
81%
Liechtenstein
79%
Andora
76%
Nie znaleziono quizów pasujących do podanych kryteriów
Rozkład punktacji
Procent ludzi z każdym wynikiem
Percentyl według liczby udzielonych odpowiedzi
Twoja historia wyników
Nie rozwiązałeś tego quizu